Estadísticas para Colores en Europa

Haz click aquí para intentar la prueba.

Estadísticas generales

  • Esta prueba ha sido intentada 2.672 veces
  • La puntuación promedio es 20 de 30

Estadísticas de respuestas

ColorLenguajePalabra% Correcto
NegroEspañolBlack
99%
AzulEspañolBlue
99%
VerdeEspañolGreen
98%
RojoEspañolRed
98%
BlancoEspañolWhite
98%
AmarilloEspañolYellow
98%
NaranjaAlemánOrange
97%
NaranjaFrancésOrange
97%
AnaranjadoEspañolOrange
97%
RosadoEspañolPink
97%
GrisEspañolGray
93%
MarrónEspañolBrown
91%
BlancoFrancésBlanc
73%
AzulFrancésBleu
71%
NegroFrancésNoir
68%
RosadoFrancésRose
66%
RojoFrancésRouge
65%
GrisFrancésGris
56%
MarrónFrancésMarron
55%
VerdeFrancésVert
54%
AzulAlemánBlau
37%
AmarilloFrancésJaune
37%
RojoAlemánRot
32%
NegroAlemánSchwarz
30%
RosadoAlemánRosa
29%
VerdeAlemánGrün
28%
BlancoAlemánWeiß
26%
MarrónAlemánBraun
25%
AmarilloAlemánGelb
23%
GrisAlemánGrau
22%

Distribución de puntuación

Porcentaje por número respondido

Porcentaje de gente con cada puntuación

Historial de tus puntuaciones

No has intentado esta prueba.